Principles of Management (Record no. 2235)

MARC details
000 -LEADER
fixed length control field 00405nam a22001697a 4500
005 - DATE AND TIME OF LATEST TRANSACTION
control field 20180630123503.0
008 - FIXED-LENGTH DATA ELEMENTS--GENERAL INFORMATION
fixed length control field 160531b xxu||||| |||| 00| 0 eng d
020 ## - INTERNATIONAL STANDARD BOOK NUMBER
ISBN 978-81-203-3527-1
041 ## - LANGUAGE CODE
Language code of text/sound track or separate title eng
082 ## - DEWEY DECIMAL CLASSIFICATION NUMBER
Item number 6337
Classification number 658
100 ## - MAIN ENTRY--AUTHOR NAME
Personal name Gupta, Meenakshi
245 ## - TITLE STATEMENT
Title Principles of Management
260 ## - PUBLICATION, DISTRIBUTION, ETC. (IMPRINT)
Place of publication New Delhi
Name of publisher PHI,
Year of publication 2009
300 ## - PHYSICAL DESCRIPTION
Number of Pages 258
650 ## - SUBJECT ADDED ENTRY--TOPICAL TERM
Topical Term Management
942 ## - ADDED ENTRY ELEMENTS (KOHA)
Koha item type Books
Holdings
Lost status Damaged status Collection code Home library Current library Shelving location Date acquired Cost, normal purchase price Full call number Accession Number Koha item type
    MANAGEMENT JRU Library JRU Library SHELF-38-D 31/05/2016 195.00 658 6337 Books
    MANAGEMENT JRU Library JRU Library SHELF-38-D 31/05/2016 195.00 658 6338 Books
    MANAGEMENT JRU Library JRU Library SHELF-38-D 31/05/2016 195.00 658 6339 Books
    Reference JRU Library   SHELF-28-F 31/05/2016 195.00 658 6340 Books
    MANAGEMENT JRU Library JRU Library SHELF-38-D 31/05/2016 195.00 658 6341 Books
    MANAGEMENT JRU Library JRU Library SHELF-38-D 31/05/2016 195.00 658 6342 Books
    MANAGEMENT JRU Library JRU Library SHELF-38-D 31/05/2016 195.00 658 6343 Books
    MANAGEMENT JRU Library JRU Library SHELF-38-D 31/05/2016 195.00 658 6344 Books
    MANAGEMENT JRU Library JRU Library SHELF-38-D 31/05/2016 195.00 658 6345 Books